| 000 | 00466nam a2200181 a 4500 | ||
|---|---|---|---|
| 001 | 0011 | ||
| 005 | 20140414131927.0 | ||
| 008 | 040726s19uu xx 00 eng d | ||
| 020 | _a962-293-469-2 | ||
| 050 |
_aER _bR93 1995 |
||
| 245 | _aRuth. | ||
| 260 |
_aHong Kong : _bHong Kong Bible Society, _c1995. |
||
| 300 | _a1 v. : ill. ; cm | ||
| 440 | _aWords of wisdom series | ||
| 650 |
_aBible stories _xO.T. |
||
| 650 |
_aBible character _xO.T. |
||
| 999 |
_c112066 _d112066 |
||